000 00624cam a22002293a 4500
001 30111
003 PGUSA
005 20140828083642.0
008 090927s2009||||xxu|||||s|||||000 1 eng d
040 _aPGUSA
_beng
042 _adc
050 4 _aPS
100 1 _aStephens, Ann S.
_q(Ann Sophia),
_d1810-1886
245 1 2 _aA Noble Woman
_h[electronic resource] /
_cAnn S. Stephens
260 _bProject Gutenberg,
_c2009
506 _aPublic domain in the USA.
516 _aElectronic text
653 _aFiction
830 0 _aProject Gutenberg
_v30111
856 4 0 _uhttp://www.gutenberg.org/ebooks/30111
942 _cEB
999 _c259366
_d259366